000 00208 a2200097 4500
001 28601
100 _aLeake, K
245 _aWelding Science and Metallurgy
260 _a
_bCassell
_c
090 _c19138
_d19138
942 _aNUST-CAE
_cM
_c10156
999 _c263674
_d263674